Les 10 villes les plus peuplées des Alpes-Maritimes (06) - Statistiques

Statistiques générales
  • Ce quiz a été pris 116 fois
  • Le résultat moyen est 7 sur 10
Statistiques - réponses
Population Communes % Correct
353 700 Nice
100%
74 000 Cannes
94%
30 300 Menton
91%
76 600 Antibes
90%
48 700 Grasse
84%
52 900 Cagnes-sur-Mer
72%
31 600 Saint-Laurent-du-Var
69%
40 200 Le Cannet
55%
21 200 Mandelieu-la-Napoule
55%
28 600 Vallauris
39%
Aucun quiz correspondant
Distribution des résultats
% des personnes avec chaque résultat
Percentile par nombre de réponses
Votre historique - résultats
Vous n’avez pas pris ce quiz